Statistics for U.S. State... or Country? #3

Click here to take the quiz!

General Stats

  • This quiz has been taken 52 times
    (42 since last reset)
  • The average score is 29 of 32

Answer Stats

QuestionTileSelect% Correct
the U.S. statesAustraliaNo
100%
the U.S. statesEswatiniNo
100%
the U.S. statesFinlandNo
100%
the U.S. statesFloridaYes
100%
the U.S. statesMexicoNo
100%
the U.S. statesMongoliaNo
100%
the U.S. statesParaguayNo
100%
the U.S. statesRomaniaNo
100%
the U.S. statesSouth AfricaNo
100%
the U.S. statesUruguayNo
100%
the U.S. statesArizonaYes
97%
the U.S. statesOklahomaYes
97%
the U.S. statesMichiganYes
94%
the U.S. statesConnecticutYes
91%
the U.S. statesPennsylvaniaYes
91%
the U.S. statesNew MexicoYes
88%
the countriesNorth DakotaNo
88%
the countriesAlabamaNo
85%
the countriesArkansasNo
85%
the countriesIdahoNo
85%
the countriesVirginiaNo
85%
the countriesWest VirginiaNo
85%
the countriesBangladeshYes
82%
the countriesChadYes
82%
the countriesCubaYes
82%
the countriesEgyptYes
82%
the countriesEritreaYes
82%
the countriesHungaryYes
82%
the countriesIsraelYes
82%
the countriesMontanaNo
82%
the countriesNepalYes
82%
the countriesSudanYes
82%

Score Distribution

Percentile by Number Answered

Percent of People with Each Score

Your Score History

You have not taken this quiz since the last reset